Bài tập Đại số và Giải tích 11
Bao gồm các bài tập giải tích và đại số theo chương trình học của Lớp 11. Sách giúp học sinh rèn luyện và học giỏi môn học này.
Wedi'i Gadw mewn:
| Prif Awdur: | |
|---|---|
| Fformat: | Llyfr |
| Iaith: | Undetermined |
| Cyhoeddwyd: |
Hà Nội
Giáo dục
2013
|
| Pynciau: | |
| Tagiau: |
Ychwanegu Tag
Dim Tagiau, Byddwch y cyntaf i dagio'r cofnod hwn!
|
| Thư viện lưu trữ: | Trung tâm Học liệu Trường Đại học Cần Thơ |
|---|
| LEADER | 00818nam a2200217Ia 4500 | ||
|---|---|---|---|
| 001 | CTU_182468 | ||
| 008 | 210402s9999 xx 000 0 und d | ||
| 020 | |c 15800 | ||
| 082 | |a 515.076 | ||
| 082 | |b T502 | ||
| 100 | |a Vũ, Tuấn | ||
| 245 | 0 | |a Bài tập Đại số và Giải tích 11 | |
| 245 | 0 | |c Vũ Tuấn (Chủ biên) | |
| 260 | |a Hà Nội | ||
| 260 | |b Giáo dục | ||
| 260 | |c 2013 | ||
| 520 | |a Bao gồm các bài tập giải tích và đại số theo chương trình học của Lớp 11. Sách giúp học sinh rèn luyện và học giỏi môn học này. | ||
| 650 | |a Mathematical analysis | ||
| 650 | |x Study and teaching (Secondary ),Problems, exercises, etc. | ||
| 904 | |i Tuyến | ||
| 980 | |a Trung tâm Học liệu Trường Đại học Cần Thơ | ||